00381pab a2200121 454500008004000000100002400040245009200064260000900156300001300165362001200178650002100190773004800211180718b2001 xxu||||| |||| 00| 0 eng d aBrillantes, Alex B. aDeveloping indicators of local governance in the Philippines: towards an "ISO" for LGUs c2001 ap.18-34. aJan-Apr aLocal government aPhilippine Journal of Public Administration